000 00672nam a2200205 i 4500
001 128451
003 ES-MaACL
005 20251015063128.0
007 t|
008 070511s1953 sp ||||1| spa d
080 _a84-95"18"902.4
100 1 _aTaine, Hippolyte,
_d1828-1893
_9109085
245 1 0 _aEnsayos de crítica y de historia /
_cHippolyte Taine ; traducción y nota liminar de Julio Gómez de la Serna.
260 _aMadrid :
_bAguilar,
_c1953.
300 _a1033 p. :
_bil. ;
_c14 cm.
500 _aRetrato del autor.
700 1 _aGómez de la Serna, Julio,
_d1895-1983
_957899
852 _aES-MaACL
_jC-8082
_bR.34607
999 _c128451
_d128451